Statistiques concernant Paroles - Je ne suis pas un héros - Daniel Balavoine

Cliquez ici pour prendre le quiz!

Statistiques générales

  • Ce quiz a été pris 615 fois
  • Le résultat moyen est 179 sur 223

Statistiques - réponses

Paroles% Correct
je
99%
Je
99%
héros,
98%
héros
98%
ne
98%
pas
98%
suis,
98%
suis
98%
un
98%
Un
98%
Le
97%
le
97%
les
96%
Les
96%
la
95%
A
94%
à
94%
faut
94%
Faut
94%
me
94%
ce
93%
dis
93%
jour
93%
que
93%
croire
92%
disent
92%
journaux
92%
peau
90%
collent
83%
de
83%
mes
83%
Mes
83%
Qui
81%
qui
81%
faux
80%
pour
80%
Pour
80%
ça
77%
C'est
75%
c'est
75%
Et
73%
dans
72%
il
71%
Il
71%
crier
69%
mais
69%
voudrais
69%
plus
68%
qu'aujourd'hui
68%
fatigué
67%
peu
67%
du
64%
l'âme
64%
lame
64%
coups
63%
qu'il
63%
fin
62%
rien
62%
poings
61%
vers
61%
sais
60%
bien
59%
Chaque
59%
fait
59%
Quand
59%
tous
59%
comme
58%
femmes
58%
on
58%
qu'elles
58%
autres
57%
pousse
57%
m'aiment
56%
sur
56%
dont
55%
leur
55%
J'ai
54%
n'ont
54%
dernier
53%
flamme
53%
mains
52%
prend
52%
train
52%
trouvé
52%
garder
51%
voulu
51%
crient
49%
froid
49%
scène
49%
tendent
49%
cris
48%
emporter
47%
monte
47%
trouver
46%
chagrins
45%
court
45%
larmes
45%
m'aider
45%
Même
43%
rêvent
42%
drame
41%
mourir
41%
s'accrochent
41%
soirs
41%
célèbre
38%
porter
37%
toucher
35%
trame
31%

Distribution des résultats

Percentile par nombre de réponses

% des personnes avec chaque résultat

Votre développement - résultats

Vous n’avez pas pris ce quiz